000 00488nam a22001577u 4500
008 130405s2000 xxu||||| |||| 00| 0 spa d
020 _a8489733988
041 _aspa
100 1 _aPrieto Ramiro, Rafael
_929668
245 0 0 _aCáritas Cuaresma y Pascua 2000
_b:Jubileo en la Tierra, Jubileo en el Cielo
_cRafael Prieto Ramiro
260 _aMadrid:
_bCáritas Española,
_c2000
300 _a275 p.
_c;21 cm.
650 0 4 _aLiturgia
_xNavidad y adviento
_918909
942 _cBK
001 76796
999 _c255947
_d255947